000 00964nam a22003017a 4500
001 BR4900215
003 BR-BrBNA
005 20230928082933.0
007 ta
008 230509b bl.||||| |||| 00| 0 por d
040 _aBR-BrBNA
_bpor
_cBiblioteca Nacional de Agricultura
041 _a(Por)
072 _aL73
_b5214
_b4110
_b/G514
090 _ 5214 BR4900215
100 1 _aPalmquist, O.K.
110 1 _aEscola Superior de Agricultura e Veterinaria do Parana, Curitiba (Brasil). Curso de Veterinaria
_0Tese (Catedra)
_94374
245 1 _aBrucelose no Parana [gado leiteiro, Brasil]
260 3 _aCuritiba, PR (Brasil):
_c1949.
300 _a48 p.
500 _aBibliography p. 39-48 (77 ref.). (*) Documento disponível na(o) UFPR, Curitiba, PR (Brazil). Biblioteca Central
650 _aBRUCELOSE
650 _aZOONOSE
650 _aABORTO
650 _aGADO LEITEIRO
650 _aPARANA
909 _a202309
_bLucia
_c55
_dLucia Elande
942 _cBK
999 _c10719
_d10719